000 00258nam a2200109Ia 4500
008 210707s9999 xx 000 0 und d
041 _aeng
082 _aCD246
100 _aBhat, Sudhindra
245 _aFinancial management
650 _aFinancial Management
999 _c177280
_d177280